[Event "World Women's Team Pool B"]
[Site "Linares ESP"]
[Date "2025.11.18"]
[Round "2.20"]
[White "Zhai, Mo"]
[Black "Khalilova, Madinabonu"]
[Result "1-0"]
[WhiteTitle "WGM"]
[BlackTitle "WCM"]
[WhiteElo "2384"]
[BlackElo "2228"]
[WhiteTeam "China"]
[BlackTeam "Uzbekistan"]
[WhiteFideId "8600201"]
[BlackFideId "14223422"]
[EventDate "2025.11.18"]

1. Nf3 Nf6 2. c4 c5 3. Nc3 d5 4. cxd5 Nxd5 5. e4 Nxc3 6. dxc3 Qc7 7. Bc4 Nc6 8.
Qe2 g6 9. e5 e6 10. h4 Bg7 11. Bf4 h5 12. O-O O-O 13. Rad1 b6 14. Rd6 Rd8 15.
Rfd1 Bf8 16. Ng5 Bxd6 17. exd6 Qd7 18. Ne4 Kg7 19. Bb5 Bb7 20. Nf6 1-0

[Event "World Women's Team Pool B"]
[Site "Linares ESP"]
[Date "2025.11.18"]
[Round "2.21"]
[White "Padmini, Rout"]
[Black "Batsiashvili, Nino"]
[Result "1/2-1/2"]
[WhiteTitle "IM"]
[BlackTitle "GM"]
[WhiteElo "2337"]
[BlackElo "2461"]
[WhiteTeam "India"]
[BlackTeam "Georgia"]
[WhiteFideId "5029295"]
[BlackFideId "13602993"]
[EventDate "2025.11.18"]

1. e4 e5 2. Nf3 Nc6 3. Bb5 a6 4. Ba4 Nf6 5. d3 b5 6. Bb3 Be7 7. Nc3 d6 8. h3 Na5
9. O-O O-O 10. Ne2 Nxb3 11. axb3 Re8 12. Ng3 Bf8 13. Nh2 d5 14. Qf3 h6 15. Re1
c6 16. Bd2 a5 17. Nhf1 Ra6 18. Bc3 d4 19. Bd2 g6 20. Nh2 c5 21. Rf1 a4 22. bxa4
Rxa4 23. Qd1 Rxa1 24. Qxa1 c4 25. f4 exf4 26. Bxf4 Bg7 27. Nf3 Nd7 28. Qa7 Qb6
29. Qxb6 Nxb6 30. Ne2 Na4 31. Nexd4 cxd3 32. cxd3 Nxb2 33. Nxb5 Nxd3 34. Nd6 Rf8
35. Bg3 Ba6 36. Rb1 Nc5 37. e5 Ne6 38. Rb6 Bd3 1/2-1/2

[Event "World Women's Team Pool B"]
[Site "Linares ESP"]
[Date "2025.11.18"]
[Round "2.22"]
[White "Javakhishvili, Lela"]
[Black "Nandhidhaa, P V"]
[Result "1-0"]
[WhiteTitle "IM"]
[BlackTitle "WGM"]
[WhiteElo "2427"]
[BlackElo "2302"]
[WhiteTeam "Georgia"]
[BlackTeam "India"]
[WhiteFideId "13601458"]
[BlackFideId "5050847"]
[EventDate "2025.11.18"]

1. d4 Nf6 2. c4 g6 3. g3 Bg7 4. Bg2 d6 5. Nc3 O-O 6. Nf3 Nbd7 7. O-O e5 8. e4
Re8 9. Qc2 exd4 10. Nxd4 Nb6 11. b3 c5 12. Nde2 d5 13. cxd5 Bg4 14. Bb2 Qe7 15.
Rfe1 c4 16. h3 Bd7 17. Rad1 Qc5 18. Qd2 Rac8 19. Nf4 cxb3 20. axb3 Bb5 21. e5
Nfd7 22. Ne4 Qc2 23. Nd6 Qxb3 24. Nxe8 Rxe8 25. Re3 Qa4 26. Ra3 Nc4 27. Rxa4
Nxd2 28. Rb4 Nxe5 29. Bxe5 1-0

[Event "World Women's Team Pool B"]
[Site "Linares ESP"]
[Date "2025.11.18"]
[Round "2.23"]
[White "Velpula, Sarayu"]
[Black "Khotenashvili, Bella"]
[Result "0-1"]
[WhiteTitle "WIM"]
[BlackTitle "GM"]
[WhiteElo "2292"]
[BlackElo "2424"]
[WhiteTeam "India"]
[BlackTeam "Georgia"]
[WhiteFideId "45075204"]
[BlackFideId "13602640"]
[EventDate "2025.11.18"]

1. e4 c6 2. d4 d5 3. f3 Qb6 4. Nc3 e6 5. a3 Nf6 6. e5 Nfd7 7. f4 c5 8. Nf3 Nc6
9. Be3 a6 10. Na4 Qa5+ 11. c3 c4 12. b4 cxb3 13. Qxb3 Qc7 14. Be2 Na5 15. Qc2 b5
16. Nb2 Nb6 17. O-O Be7 18. Nd2 Bd7 19. Rf3 g6 20. Bf2 Nbc4 21. Nbxc4 bxc4 22.
g4 Rb8 23. Bd1 Nb3 24. Nxb3 cxb3 25. Qb2 Ba4 26. Be3 h5 27. Rh3 Kd7 28. gxh5 Qc4
29. Be2 Qc6 30. Rc1 Bb5 31. Bg4 gxh5 32. Rxh5 Rxh5 33. Bxh5 Rg8+ 34. Kh1 Bd3 35.
Bf3 Qa4 36. Ra1 Bc2 37. f5 Bxf5 38. Qf2 Qc4 39. Qd2 Rc8 0-1

[Event "World Women's Team Pool B"]
[Site "Linares ESP"]
[Date "2025.11.18"]
[Round "2.24"]
[White "Arabidze, Meri"]
[Black "Savitha, Shri B"]
[Result "1-0"]
[WhiteTitle "IM"]
[BlackTitle "IM"]
[WhiteElo "2408"]
[BlackElo "2319"]
[WhiteTeam "Georgia"]
[BlackTeam "India"]
[WhiteFideId "13604040"]
[BlackFideId "35061887"]
[EventDate "2025.11.18"]

1. d4 d5 2. c4 c6 3. cxd5 cxd5 4. Nf3 Nf6 5. Nc3 Nc6 6. Bf4 Bf5 7. e3 g6 8. Qb3
Na5 9. Bb5+ Bd7 10. Qa4 Nc6 11. Ne5 a6 12. Nxc6 axb5 13. Nxd8 bxa4 14. Nxb7 Bc6
15. Nc5 Nh5 16. Nd3 Nxf4 17. Nxf4 e6 18. Nd3 Bd6 19. Kd2 Ke7 20. b4 axb3 21.
axb3 Rab8 22. Ra7+ Kf6 23. Rb1 Rb6 24. Ne5 Bxe5 25. dxe5+ Kxe5 26. Rxf7 Kd6 27.
Ne2 Be8 28. Rg7 Ba4 29. Ra7 Bd7 30. f4 g5 31. fxg5 Rf8 32. Nf4 Rfb8 33. h4 Rxb3
34. Rxb3 Rxb3 35. h5 e5 36. Nxd5 Rb2+ 37. Kc3 Rxg2 38. Nf6 Bf5 39. e4 Rg3+ 40.
Kd2 Rg2+ 41. Kc3 Rg3+ 42. Kb4 Be6 43. Ra6+ Ke7 44. Ra7+ Kd6 45. Ra6+ Ke7 46.
Nxh7 Rg4 47. Kc5 Rxe4 48. Ra7+ Kd8 49. Kd6 Bc8 50. Nf6 Rb4 51. h6 Rb6+ 52. Kc5 1-0

[Event "World Women's Team Pool B"]
[Site "Linares ESP"]
[Date "2025.11.19"]
[Round "3.13"]
[White "Batsiashvili, Nino"]
[Black "Ushenina, Anna"]
[Result "1-0"]
[WhiteTitle "GM"]
[BlackTitle "GM"]
[WhiteElo "2461"]
[BlackElo "2423"]
[WhiteTeam "Georgia"]
[BlackTeam "Ukraine"]
[WhiteFideId "13602993"]
[BlackFideId "14110911"]
[EventDate "2025.11.18"]

1. d4 d5 2. c4 e6 3. Nc3 h6 4. Bf4 Nf6 5. e3 Bd6 6. Bxd6 Qxd6 7. Nf3 O-O 8. Rc1
Qe7 9. cxd5 exd5 10. Bd3 Nbd7 11. O-O c6 12. h3 Re8 13. Nd2 Nb6 14. Qc2 Be6 15.
Rce1 Nfd7 16. f4 f6 17. Nf3 Nf8 18. g4 Nc8 19. f5 Bf7 20. h4 Nd6 21. Qg2 Nh7 22.
Rf2 Rac8 23. Qg3 b5 24. a3 a5 25. Rg2 b4 26. axb4 axb4 27. Na4 Ne4 28. Bxe4 dxe4
29. Nd2 Ra8 30. Nc5 Bd5 31. Rf2 Ra2 32. Rb1 Nf8 33. Rf4 Qc7 34. Kh2 Nd7 35.
Ndxe4 Nxc5 36. Nxc5 Qa7 37. e4 Bc4 38. g5 hxg5 39. hxg5 fxg5 40. Qxg5 Ra1 41.
Rxa1 Qxa1 42. Rf2 Rf8 43. Rg2 Rf7 44. Ne6 Qa7 1-0

[Event "World Women's Team Pool B"]
[Site "Linares ESP"]
[Date "2025.11.19"]
[Round "3.14"]
[White "Osmak, Yuliia"]
[Black "Javakhishvili, Lela"]
[Result "1/2-1/2"]
[WhiteTitle "IM"]
[BlackTitle "IM"]
[WhiteElo "2452"]
[BlackElo "2427"]
[WhiteTeam "Ukraine"]
[BlackTeam "Georgia"]
[WhiteFideId "14101602"]
[BlackFideId "13601458"]
[EventDate "2025.11.18"]

1. e4 e5 2. Nf3 Nc6 3. Bc4 Nf6 4. d3 h6 5. a4 g6 6. O-O Bg7 7. a5 O-O 8. Nc3 a6
9. h3 d6 10. Be3 Nb4 11. Qd2 Kh7 12. Rfe1 c5 13. Nh2 Nh5 14. Na4 Be6 15. Nb6 Rb8
16. c3 Nc6 17. b4 Nf4 18. bxc5 dxc5 19. Bxe6 fxe6 20. Red1 Nxa5 21. Rxa5 Qxb6
22. Rxc5 Qd6 23. Ra5 Qc7 24. Rc5 Qd6 25. Ra5 Qc7 26. Rc5 1/2-1/2

[Event "World Women's Team Pool B"]
[Site "Linares ESP"]
[Date "2025.11.19"]
[Round "3.15"]
[White "Khotenashvili, Bella"]
[Black "Zhukova, Natalia"]
[Result "1/2-1/2"]
[WhiteTitle "GM"]
[BlackTitle "GM"]
[WhiteElo "2424"]
[BlackElo "2322"]
[WhiteTeam "Georgia"]
[BlackTeam "Ukraine"]
[WhiteFideId "13602640"]
[BlackFideId "14101513"]
[EventDate "2025.11.18"]

1. d4 d5 2. c4 e6 3. Nf3 Nf6 4. g3 dxc4 5. Bg2 c5 6. O-O Nc6 7. Ne5 Bd7 8. Nxc4
cxd4 9. Bf4 Be7 10. Nd6+ Kf8 11. Nxb7 Qb6 12. Nd6 Qc5 13. Ne4 Nxe4 14. Bxe4 e5
15. Bd2 Rb8 16. Qa4 Qb5 17. Qxb5 Rxb5 18. Rc1 Nb8 19. Na3 Bxa3 20. bxa3 Ke7 21.
Rc7 Rc8 22. Rxc8 Bxc8 23. Bb4+ Kf6 24. Rc1 Bf5 25. Ba8 a5 26. Bd6 Nd7 27. f3 Rb2
28. Bc7 Rxe2 29. Bxa5 Rxa2 30. g4 Be6 31. Be4 g6 32. Bb4 h5 33. gxh5 gxh5 34. h4
Nb6 35. Rc6 Nc4 36. Rc7 Ne3 37. Be7+ Kg7 38. Bd6 Nc4 39. Be7 Ne3 40. Bd6 Nc4 41.
Be7 Nxa3 42. f4 Nb5 43. Rc5 Nc3 44. Rxe5 Nxe4 45. Rxe4 d3 46. Bb4 d2 47. Bc3+
Kg6 48. Rd4 Kf5 49. Bxd2 Kg4 50. f5+ Kxf5 51. Kf2 Ke5 52. Ke3 Ra3+ 53. Rd3 Ra4
54. Be1 Re4+ 55. Kd2 Rg4 56. Bg3+ Kf5 57. Rf3+ Kg6 58. Ke1 Bd5 59. Rd3 Bc4 60.
Rd6+ f6 61. Kf2 Re4 62. Kf3 Re8 63. Bf2 Be2+ 64. Kf4 Re5 65. Rxf6+ Kxf6 66. Bd4 1/2-1/2

[Event "World Women's Team Pool B"]
[Site "Linares ESP"]
[Date "2025.11.19"]
[Round "3.16"]
[White "Hnatyshyn, Anastasiia"]
[Black "Arabidze, Meri"]
[Result "1/2-1/2"]
[WhiteTitle "WFM"]
[BlackTitle "IM"]
[WhiteElo "2191"]
[BlackElo "2408"]
[WhiteTeam "Ukraine"]
[BlackTeam "Georgia"]
[WhiteFideId "14198339"]
[BlackFideId "13604040"]
[EventDate "2025.11.18"]

1. e4 d6 2. d4 Nf6 3. Nc3 e5 4. Nf3 Nbd7 5. h3 Be7 6. g4 h6 7. Be3 c6 8. a4 O-O
9. Qd2 d5 10. Nxe5 Bb4 11. Bg2 Nxe4 12. Qd3 Qa5 13. Nxd7 Bxd7 14. O-O Nxc3 15.
bxc3 Bxc3 16. Rab1 b6 17. Bf4 Rfe8 18. Be5 Rad8 19. f4 Bc8 20. Rf3 Bb4 21. g5
Ba6 22. Qf5 Bc8 23. Qd3 Ba6 24. Qf5 Bc8 25. Qd3 Ba6 1/2-1/2

[Event "World Women's Team Pool B"]
[Site "Linares ESP"]
[Date "2025.11.19"]
[Round "3.17"]
[White "Hou, Yifan"]
[Black "Padmini, Rout"]
[Result "1-0"]
[WhiteTitle "GM"]
[BlackTitle "IM"]
[WhiteElo "2620"]
[BlackElo "2337"]
[WhiteTeam "China"]
[BlackTeam "India"]
[WhiteFideId "8602980"]
[BlackFideId "5029295"]
[EventDate "2025.11.18"]

1. e4 c5 2. Nf3 Nc6 3. Nc3 e5 4. Bc4 Be7 5. d3 d6 6. Nd2 Nf6 7. Nf1 a6 8. Bg5
O-O 9. h4 b5 10. Bxf6 Bxf6 11. Bd5 Bd7 12. Ne3 Ra7 13. a4 bxa4 14. Nxa4 Nb4 15.
Bc4 Be6 16. Nc3 Qb8 17. b3 Bd8 18. g3 Kh8 19. Ncd5 Nxd5 20. Bxd5 Bxd5 21. Nxd5
f5 22. Qe2 f4 23. Qf3 a5 24. Ra4 Raf7 25. g4 g6 26. g5 Qc8 27. Ke2 h6 28. h5
Bxg5 29. hxg6 Rg7 30. Rg1 Qd8 31. Qh5 f3+ 32. Kd1 Ra7 33. Rg3 Kg7 34. Ra1 Rb7
35. Rxf3 Rxf3 36. Qxf3 Kxg6 37. Ke2 Rf7 38. Qg4 Kh7 39. Rh1 Rg7 40. Qf5+ Kg8 41.
Qe6+ Kh7 42. Rh3 Rg6 43. Qf7+ Rg7 44. Qf5+ Rg6 45. Rg3 Kg7 46. f4 exf4 47. Nxf4
Rf6 48. Nh5+ Kf7 49. Nxf6 Qxf6 50. Qd7+ Qe7 51. Rf3+ Kg7 52. Qxe7+ Bxe7 53. Rg3+
Kf7 54. Kf3 h5 55. Kf4 h4 56. Rg1 Bf6 57. Kf5 Be5 58. Rh1 Bf6 59. Rf1 Be5 60.
Kg5+ Ke6 61. Kxh4 d5 62. Re1 1-0

[Event "World Women's Team Pool B"]
[Site "Linares ESP"]
[Date "2025.11.19"]
[Round "3.18"]
[White "Nandhidhaa, P V"]
[Black "Song, Yuxin"]
[Result "1/2-1/2"]
[WhiteTitle "WGM"]
[BlackTitle "IM"]
[WhiteElo "2302"]
[BlackElo "2448"]
[WhiteTeam "India"]
[BlackTeam "China"]
[WhiteFideId "5050847"]
[BlackFideId "8614300"]
[EventDate "2025.11.18"]

1. Nf3 c5 2. c4 Nc6 3. Nc3 g6 4. g3 Bg7 5. Bg2 d6 6. O-O Bd7 7. b3 Qc8 8. Bb2
Bh3 9. e3 Bxg2 10. Kxg2 b6 11. d4 Nf6 12. d5 Nb8 13. Qc2 Nbd7 14. e4 O-O 15.
Rae1 Qb7 16. Nd2 a6 17. a4 Ne8 18. f4 Nc7 19. Nd1 Bxb2 20. Nxb2 e5 21. Nd3 Ne8
22. f5 Nef6 23. h3 Kg7 24. g4 h6 25. Kg3 Rh8 26. Rf3 g5 27. Rff1 a5 28. Nf3 Rag8
29. Kf2 Kf8 30. Ke3 h5 31. Nf2 Ke7 32. Kd2 h4 33. Kc1 Ne8 34. Kb2 f6 35. Ra1 Nc7
36. Nd1 1/2-1/2

[Event "World Women's Team Pool B"]
[Site "Linares ESP"]
[Date "2025.11.19"]
[Round "3.19"]
[White "Lu, Miaoyi"]
[Black "Velpula, Sarayu"]
[Result "1/2-1/2"]
[WhiteTitle "IM"]
[BlackTitle "WIM"]
[WhiteElo "2440"]
[BlackElo "2292"]
[WhiteTeam "China"]
[BlackTeam "India"]
[WhiteFideId "8618020"]
[BlackFideId "45075204"]
[EventDate "2025.11.18"]

1. e4 c5 2. Nc3 d6 3. Nf3 Nf6 4. d4 cxd4 5. Qxd4 Nc6 6. Bb5 Bd7 7. Qd3 g6 8. Bg5
Bg7 9. O-O-O Ng4 10. Qd2 Qa5 11. Bxe7 Bxc3 12. Qxd6 Bxb2+ 13. Kb1 Be6 14. Bxc6+
bxc6 15. Kxb2 Qxa2+ 16. Kc1 Qa1+ 17. Kd2 Qa5+ 18. Ke2 Bc4+ 19. Rd3 Bxd3+ 20.
cxd3 Qa2+ 21. Nd2 Qe6 22. Rb1 Qxd6 23. Bxd6 Kd7 24. Nc4 Rhe8 25. Rb7+ Ke6 26. f4
Rad8 27. h3 Nh6 28. Bc5 Rd7 29. Rxd7 Kxd7 30. Bxa7 f6 31. Bd4 f5 32. Ne5+ Kc7
33. g4 fxe4 34. dxe4 Ra8 35. g5 Ng8 36. f5 gxf5 37. exf5 Kd6 38. f6 c5 39. Bc3
Ke6 40. Kd3 h6 41. f7 hxg5 42. fxg8=Q+ Rxg8 43. Ke4 Ra8 44. Ng4 1/2-1/2

[Event "World Women's Team Pool B"]
[Site "Linares ESP"]
[Date "2025.11.19"]
[Round "3.20"]
[White "Savitha, Shri B"]
[Black "Zhai, Mo"]
[Result "1-0"]
[WhiteTitle "IM"]
[BlackTitle "WGM"]
[WhiteElo "2319"]
[BlackElo "2384"]
[WhiteTeam "India"]
[BlackTeam "China"]
[WhiteFideId "35061887"]
[BlackFideId "8600201"]
[EventDate "2025.11.18"]

1. e4 d5 2. exd5 Qxd5 3. Nc3 Qd8 4. Nf3 Nf6 5. d4 Bg4 6. h3 Bxf3 7. Qxf3 c6 8.
Be3 e6 9. Bd3 Nbd7 10. O-O Bd6 11. Ne4 Nxe4 12. Bxe4 Nf6 13. Bd3 O-O 14. Rad1 a5
15. c4 a4 16. Bc2 a3 17. b3 Qa5 18. Bd2 Bb4 19. Bf4 Be7 20. Rfe1 Rfd8 21. Be5
Nd7 22. Bg3 Nf6 23. Be5 Nd7 24. Bf4 Nf6 25. Re3 Bd6 26. Be5 Bxe5 27. dxe5 Rxd1+
28. Qxd1 Rd8 29. Qb1 Nd7 30. b4 Qc7 31. Qe1 c5 32. b5 Nb6 33. Qe2 Rd4 34. Rxa3
g6 35. Rc3 Nd7 36. Re3 Qa5 37. Bb3 Nb6 38. Qf3 Rd7 39. Kh2 Qd2 40. Re2 Qb4 41.
Qe4 Kg7 42. Re3 Qd2 43. Rf3 Qb4 44. Rd3 Rc7 45. Qf3 Nd7 46. Qe3 Qa3 47. Rd6 b6
48. Qd3 Qa7 49. Qe4 Qa5 50. Qe3 Qb4 51. h4 h5 52. Rd1 Qa3 53. Qc3 Qa8 54. Qe3
Qa3 55. f4 Qb2 56. Rd3 Qa3 57. Qd2 Qa7 58. Rd6 Qb7 59. Qd3 Qc8 60. Bd1 Kf8 61.
Bf3 Ke7 62. Rc6 Ke8 63. Qd6 Qd8 64. Kh3 Ra7 65. Qd2 Qb8 66. Rd6 Ke7 67. Bc6 Nf8
68. f5 f6 69. exf6+ Kxf6 70. fxe6 Nxe6 71. Qf4+ 1-0

[Event "World Women's Team Pool B"]
[Site "Linares ESP"]
[Date "2025.11.19"]
[Round "3.21"]
[White "Daulyte-Cornette, Deimante"]
[Black "Tokhirjonova, Gulrukhbegim"]
[Result "1/2-1/2"]
[WhiteTitle "IM"]
[BlackTitle "IM"]
[WhiteElo "2388"]
[BlackElo "2369"]
[WhiteTeam "France"]
[BlackTeam "Uzbekistan"]
[WhiteFideId "12802859"]
[BlackFideId "14203626"]
[EventDate "2025.11.18"]

1. e4 e5 2. Nf3 Nc6 3. Bb5 a6 4. Ba4 Nf6 5. Nc3 b5 6. Bb3 Be7 7. a4 b4 8. Nd5
Nxe4 9. d4 exd4 10. Bf4 Nd6 11. O-O O-O 12. Nxd4 Bb7 13. Re1 Re8 14. Nxc7 Qxc7
15. Nf5 Bf8 16. Rxe8 Rxe8 17. Bxd6 Qd8 18. Bxf8 Rxf8 19. Nd6 Ba8 20. Qg4 Qf6 21.
Qxd7 Ne5 22. Qc7 Qg6 23. Nb7 Qe4 24. f3 Nxf3+ 25. gxf3 Qxf3 26. Rf1 Qg4+ 27. Kf2
Qf5+ 28. Kg1 Qg6+ 29. Kf2 Qf5+ 30. Kg1 Qg4+ 31. Kf2 Qf5+ 32. Kg1 Qg4+ 33. Kf2
Qf5+ 1/2-1/2

[Event "World Women's Team Pool B"]
[Site "Linares ESP"]
[Date "2025.11.19"]
[Round "3.22"]
[White "Omonova, Umida"]
[Black "Hejazipour, Mitra"]
[Result "1-0"]
[WhiteTitle "WIM"]
[BlackTitle "WGM"]
[WhiteElo "2289"]
[BlackElo "2335"]
[WhiteTeam "Uzbekistan"]
[BlackTeam "France"]
[WhiteFideId "14210363"]
[BlackFideId "12505951"]
[EventDate "2025.11.18"]

1. e4 e5 2. Nf3 Nc6 3. Bb5 a6 4. Ba4 Nf6 5. O-O Be7 6. Re1 b5 7. Bb3 O-O 8. c3
d5 9. exd5 Nxd5 10. Nxe5 Nxe5 11. Rxe5 c6 12. d4 Bd6 13. Re1 Qh4 14. g3 Qh3 15.
Qf3 Bg4 16. Qg2 Qh5 17. Bxd5 cxd5 18. f4 Rae8 19. Be3 Bxf4 20. gxf4 Re6 21. Nd2
Bh3 22. Qf2 Rg6+ 23. Kh1 Bg2+ 24. Qxg2 Rxg2 25. Kxg2 Qg6+ 26. Kf2 Qc2 27. Rab1
Re8 28. Re2 Re6 29. Rg1 Qxb2 30. f5 Re8 31. Ne4 Qa3 32. Nf6+ Kf8 33. Nxe8 Qxc3
34. Nxg7 Qc7 35. Ne6+ 1-0

[Event "World Women's Team Pool B"]
[Site "Linares ESP"]
[Date "2025.11.19"]
[Round "3.23"]
[White "Milliet, Sophie"]
[Black "Karimova, Guldona"]
[Result "0-1"]
[WhiteTitle "IM"]
[BlackTitle "WIM"]
[WhiteElo "2351"]
[BlackElo "2286"]
[WhiteTeam "France"]
[BlackTeam "Uzbekistan"]
[WhiteFideId "623725"]
[BlackFideId "14210410"]
[EventDate "2025.11.18"]

1. Nf3 Nf6 2. c4 e6 3. g3 b6 4. Bg2 Bb7 5. d4 Be7 6. O-O O-O 7. Re1 Ne4 8. Qc2
f5 9. Rd1 Qc8 10. Be3 a5 11. Nbd2 Nxd2 12. Qxd2 Be4 13. Ne5 Bxg2 14. Kxg2 d6 15.
Nd3 Nd7 16. Nf4 Rf6 17. h4 Nf8 18. h5 Rf7 19. Rac1 c5 20. dxc5 dxc5 21. Qc2 Qc6+
22. f3 Bf6 23. Rd3 Rd7 24. Rcd1 Rad8 25. Rxd7 Rxd7 26. b3 Rxd1 27. Qxd1 Nd7 28.
Nh3 Be5 29. Bf4 Bxf4 30. Nxf4 Kf7 31. Qd2 Qc7 32. Nh3 h6 33. Nf4 Nf6 34. Qd3 Qd7
35. Qxd7+ Nxd7 36. Ng6 Kf6 37. f4 Kf7 38. e4 Nf6 39. Ne5+ Ke7 40. Ng6+ Kf7 41.
Ne5+ Ke8 42. exf5 exf5 43. Ng6 Kf7 44. Nh4 Ke6 45. Kf3 Nxh5 46. Ng2 Nf6 47. Ne3
g6 48. Kg2 Kd6 49. Kf3 Kc6 50. Kg2 Kc7 51. Kf3 Kd6 52. Kg2 Ne4 53. Kf3 Nc3 54.
a4 Ne4 55. g4 Nd2+ 56. Kg3 fxg4 57. Kxg4 Nxb3 58. Nd5 Nd2 59. Nxb6 Ke6 60. Kg3
h5 61. Kf2 h4 62. Kg2 Kf5 63. Kh3 Kxf4 64. Kxh4 g5+ 65. Kh3 Kf3 66. Kh2 g4 67.
Kg1 Kg3 68. Nd7 Kh3 69. Ne5 g3 70. Kh1 g2+ 71. Kg1 Kg3 0-1

[Event "World Women's Team Pool B"]
[Site "Linares ESP"]
[Date "2025.11.19"]
[Round "3.24"]
[White "Khalilova, Madinabonu"]
[Black "Schippke, Manon"]
[Result "1/2-1/2"]
[WhiteTitle "WCM"]
[BlackTitle "WIM"]
[WhiteElo "2228"]
[BlackElo "2339"]
[WhiteTeam "Uzbekistan"]
[BlackTeam "France"]
[WhiteFideId "14223422"]
[BlackFideId "45100446"]
[EventDate "2025.11.18"]

1. d4 Nf6 2. c4 g6 3. g3 Bg7 4. Bg2 O-O 5. Nc3 d6 6. Nf3 Bg4 7. O-O Qc8 8. e4
Nfd7 9. Be3 c5 10. Rc1 Nc6 11. d5 Nce5 12. h3 Bxf3 13. Bxf3 Nxf3+ 14. Qxf3 Ne5
15. Qg2 Nxc4 16. Bg5 Qd7 17. b3 Na3 18. Be3 b5 19. f4 b4 20. Nd1 Rac8 21. Kh2 c4
22. bxc4 Nxc4 23. Qe2 Nxe3 24. Nxe3 Rc3 25. Rxc3 bxc3 26. Rb1 Qa4 27. Nc2 Qxa2
28. Ra1 Qb2 29. Rxa7 Rb8 30. Ra1 h5 31. Kg2 Qb5 32. Qxb5 Rxb5 33. Kf3 Rb2 34.
Rc1 Kf8 35. Ke3 Bf6 36. Kd3 Ke8 37. Re1 Rb5 38. Ra1 Kd8 39. Ra8+ Kc7 40. Ra7+
Kb8 41. Ra1 Kb7 42. Kc4 Rb2 43. Kd3 e6 44. dxe6 fxe6 45. g4 h4 46. Re1 Rb5 47.
Ra1 Bg7 48. Rf1 Kc6 49. Ra1 Rb7 50. Ra6+ Kd7 51. Ra5 Ke7 52. Ra1 d5 53. exd5
exd5 54. Re1+ Kd6 55. Ra1 Ke7 56. Re1+ Kf7 57. Ra1 Re7 58. Ra5 Re4 59. f5 gxf5
60. Rxd5 Re5 61. Rxe5 Bxe5 62. gxf5 Kf6 63. Ke4 Bg3 1/2-1/2

[Event "World Women's Team Pool B"]
[Site "Linares ESP"]
[Date "2025.11.19"]
[Round "4.13"]
[White "Ushenina, Anna"]
[Black "Tokhirjonova, Gulrukhbegim"]
[Result "0-1"]
[WhiteTitle "GM"]
[BlackTitle "IM"]
[WhiteElo "2423"]
[BlackElo "2369"]
[WhiteTeam "Ukraine"]
[BlackTeam "Uzbekistan"]
[WhiteFideId "14110911"]
[BlackFideId "14203626"]
[EventDate "2025.11.18"]

1. d4 Nf6 2. c4 e6 3. Nc3 Bb4 4. Qc2 O-O 5. e4 d5 6. e5 Ne4 7. Bd3 c5 8. Nf3
cxd4 9. Nxd4 Nd7 10. Bf4 Ndc5 11. O-O Bxc3 12. bxc3 Qa5 13. cxd5 Nxd3 14. Qxd3
exd5 15. Nb3 Qxc3 16. Qxd5 Qb4 17. Qa5 Qxa5 18. Nxa5 b6 19. Nc6 Re8 20. f3 Nc3
21. Kf2 Be6 22. Rfc1 Nxa2 23. Rc2 Rac8 24. Raxa2 Rxc6 25. Rxc6 Bxa2 26. Rc7 Ra8
27. Be3 Be6 28. g4 h6 29. Kg3 a5 30. Bxb6 a4 31. Ra7 Rxa7 32. Bxa7 a3 33. f4 a2
34. Bd4 g6 35. h4 Kf8 36. g5 h5 37. Kf3 Ke7 38. Ke4 Bb3 39. Kd3 Ke6 40. Kd2 Kf5
41. Kc1 Kxf4 42. Kb2 a1=Q+ 43. Kxa1 Kg3 44. Kb2 Bd5 45. Kc3 Kxh4 46. Kd2 Kxg5
47. Ke3 Kf5 48. Kf2 h4 49. Kg1 g5 50. Kh2 g4 51. Bc3 Kf4 52. Be1 g3+ 53. Kh3 Kg5
54. Bb4 Be6+ 55. Kg2 Kg4 0-1

[Event "World Women's Team Pool B"]
[Site "Linares ESP"]
[Date "2025.11.19"]
[Round "4.14"]
[White "Omonova, Umida"]
[Black "Osmak, Yuliia"]
[Result "1/2-1/2"]
[WhiteTitle "WIM"]
[BlackTitle "IM"]
[WhiteElo "2289"]
[BlackElo "2452"]
[WhiteTeam "Uzbekistan"]
[BlackTeam "Ukraine"]
[WhiteFideId "14210363"]
[BlackFideId "14101602"]
[EventDate "2025.11.18"]

1. e4 c5 2. Nf3 d6 3. Bb5+ Nd7 4. Bd3 Ngf6 5. c3 e6 6. Qe2 Be7 7. O-O Qc7 8. Bc2
Ne5 9. Ne1 O-O 10. f4 Nc6 11. Nf3 Rb8 12. a4 d5 13. e5 Nd7 14. Na3 a6 15. d4
cxd4 16. cxd4 f5 17. exf6 Nxf6 18. Be3 Nb4 19. Bb1 Bd7 20. Nc2 Nc6 21. Nce1 Be8
22. Ng5 Nd8 23. Nd3 Bh5 24. Qe1 Ng4 25. Nf3 Bg6 26. Nde5 Nxe5 27. Nxe5 Bxb1 28.
Rxb1 Bd6 29. Rc1 Qe7 30. Bd2 Nf7 31. Nxf7 Rxf7 32. g3 Qd7 33. b3 Be7 34. Qe3 Bf6
35. Rfe1 Rc8 36. Bb4 Rc6 37. Kg2 Be7 38. Rxc6 Qxc6 39. Rc1 Qd7 40. Bxe7 Qxe7 41.
Qe5 h6 42. Re1 Qb4 43. Qxe6 Qxb3 44. Re5 Qc2+ 45. Kh3 Qc6 46. Qxd5 Qc8+ 47. Kh4
Qd7 48. Qe4 Qd8+ 49. Kh3 Qd7+ 50. Kg2 Rf8 51. Qd5+ Qxd5+ 52. Rxd5 Rb8 53. a5 b6
54. axb6 Rxb6 55. Kf3 Rb2 56. h4 Rb3+ 57. Kg4 Kf7 58. f5 a5 59. Rxa5 Rd3 60. Rd5
h5+ 61. Kf4 Kf6 62. Rd6+ Kf7 63. g4 hxg4 64. Kxg4 Ke7 65. Re6+ Kf7 66. Re4 Kf6
67. Re6+ Kf7 68. Rd6 Ke7 69. Rd5 Rd1 70. h5 Rg1+ 71. Kf4 Rf1+ 72. Ke4 Re1+ 73.
Kd3 Rh1 74. Kc4 Kf6 75. Rd6+ Kxf5 76. Rd5+ Ke6 77. Re5+ Kd6 78. Rg5 Rc1+ 79. Kd3
Rh1 80. Ke4 Rh4+ 81. Kf5 Rxd4 82. Rxg7 Rh4 83. Kg5 Rh1 84. Rf7 Ke6 85. Rf3 Rg1+
86. Kh6 Ke7 87. Kh7 Ke6 88. h6 Ke7 89. Ra3 Kf7 90. Ra7+ Kf8 91. Rg7 Rh1 92. Rg5
Rf1 93. Re5 Kf7 94. Rg5 Rf2 95. Kh8 Rf1 96. h7 Rf2 97. Rf5+ Rxf5 1/2-1/2